01018cam a22002415a 45000010009000000050017000090080041000260200029000670400033000960820022001292450139001512600057002903000033003475000024003805040041004046500068004456530036005137000029005497000028005789420008006069990017006149520145006311801167420160120111309.0140117t2014 ne a frbf 001 0 eng d a9780123964595 (hardback) aDLCbengcDLCdDLCdEG-ScBUE04a628.4458222bHAN00aHandbook of recycling :bstate-of-the-art for practitioners, analysts, and scientists /cedited by Ernst Worrell and Markus A. Reuter. aWaltham ;aOxford ;aAmsterdam :bElsevier,cc.2014. axii, 581 p. :bill. ;c24 cm aIndex : p. 563-581. aIncludes bibliographical references. 7aRecycling (Waste, etc.)vHandbooks, manuals, etc.2BUEsh939100 bENGGENcAugust2015cJanuary20161 aWorrell, Ernst,eeditor.1 aReuter, M. A.,eeditor. 2ddc c20474d20446 00102ddc40708BaccahaMAINbMAINc1STd2015-08-05ePurchaseg1200.00h21761l0o628.4458 HANp000039027r2025-07-15 00:00:00v1500.00yBB